Improving MPJ express performances by enhancing MPJ Express runtime capabilities (Record no. 13182)

000 -LEADER
fixed length control field 00342nam a22001097a 4500
082 ## - DEWEY DECIMAL CLASSIFICATION NUMBER
Classification number MSCS-1 KHU
100 ## - MAIN ENTRY--PERSONAL NAME
Personal name Khurram Shahzad
9 (RLIN) 69894
245 ## - TITLE STATEMENT
Title Improving MPJ express performances by enhancing MPJ Express runtime capabilities
500 ## - GENERAL NOTE
General note Dr. Aamir Shafi
856 ## - ELECTRONIC LOCATION AND ACCESS
Uniform Resource Identifier <a href="http://10.250.8.41:8080/xmlui/handle/123456789/8290">http://10.250.8.41:8080/xmlui/handle/123456789/8290</a>
942 ## - ADDED ENTRY ELEMENTS (KOHA)
Koha item type Project Report
Source of classification or shelving scheme
Holdings
Withdrawn status Lost status Damaged status Not for loan Collection code Permanent Location Current Location Shelving location Date acquired Total Checkouts Full call number Barcode Date last seen Date last checked out Price effective from Koha item type Source of classification or shelving scheme
          Central Library (CL) Central Library (CL) General Stacks 04/28/2015 1 MSCS-1 KHU SEECSP01602 12/01/2015 11/18/2015 04/28/2015 Project Report  
          Central Library (CL) Central Library (CL) Thesis 01/23/2020   005 MSCS-1 KHU CL-T-4750 01/23/2020   01/23/2020 Thesis  
© 2023 Central Library, National University of Sciences and Technology. All Rights Reserved.